| 000 | 01017nam a22002897a 4500 | ||
|---|---|---|---|
| 001 | 3887 | ||
| 003 | FISKH | ||
| 005 | 20240614102639.0 | ||
| 008 | 240521b cb ||||| |||| 00| 0 eng d | ||
| 020 | _a9780439684026 | ||
| 040 |
_aFISKH _beng _cFISKH _dFISKH |
||
| 050 | _aQP111.6 | ||
| 082 | _a612.17 | ||
| 100 | _aCapeci, Anne | ||
| 245 |
_aThe magic school bus has a heart / _cWritten by Anne Capeci with consultation by Joanna Cole. Base on The Magic School Bus books written by Joanna Cole and illustrated by Bruce Degen. |
||
| 260 |
_aNew York : _bScholastic, _c2005. |
||
| 300 |
_a32 unnumbered pages : _bcolor illustrations ; _c23 cm |
||
| 490 |
_aThe magic school bus _vLevel 2 |
||
| 505 | _aJ | ||
| 520 | _aA story about Ms. Frizzle's class teaches young readers about the human heart and circulatory system. | ||
| 521 | 8 |
_a490
_bLexile |
|
| 521 | 8 |
_aJ
_bRaz-Plus |
|
| 650 |
_aHuman Body _xHeart |
||
| 700 |
_aDegen, Bruce _eillustrator |
||
| 942 |
_2ddc _cBK _n0 |
||
| 999 |
_c3887 _d3887 |
||